| 000 | 00791cam a2200253 4500500 | ||
|---|---|---|---|
| 005 | 20260405004041.0 | ||
| 041 | _afre | ||
| 042 | _adc | ||
| 100 | 1 | 0 |
_aLegros, Martin _eauthor |
| 245 | 0 | 0 | _aJean Harambat : “La caverne de Platon ? Une véritable usine à gaz !” |
| 260 | _c2020. | ||
| 500 | _a11 | ||
| 690 | _aAllégorie | ||
| 690 | _aAllégorie de la caverne | ||
| 690 | _aBande dessinée | ||
| 690 | _aCaverne | ||
| 690 | _aImage | ||
| 690 | _aJean Harambat | ||
| 690 | _aLiberté | ||
| 690 | _aPlaton | ||
| 690 | _aRéel | ||
| 786 | 0 | _nPhilosophie magazine - Hors séries | Hors-série - Été 2020 | HS45 | 2020-05-01 | p. 6-6 | 2104-9246 | |
| 856 | 4 | 1 | _uhttps://shs.cairn.info/magazine-philosophie-magazine-2020-hs45-page-6?lang=fr&redirect-ssocas=7080 |
| 999 |
_c2073213 _d2073213 |
||